000 00362 a2200157 4500
001 56894
020 _a8508096815
040 _cAnchieta - Pituba
100 _aAzevedo, Ricardo
240 1 0 _aNinguém sabe o que é um poema
_lpor
245 1 0 _aNinguém sabe o que é um poema
300 _a63
362 0 _a2005
650 4 _aLiteratura juvenil
942 _cBK
999 _c56894
_d56894